<?xml version="1.0" encoding="UTF-8"?>
<record
    xmlns:xsi="http://www.w3.org/2001/XMLSchema-instance"
    xsi:schemaLocation="http://www.loc.gov/MARC21/slim http://www.loc.gov/standards/marcxml/schema/MARC21slim.xsd"
    xmlns="http://www.loc.gov/MARC21/slim">

  <leader>01151nam a2200253Mu 4500</leader>
  <controlfield tag="001">wiefunktionierte00kron</controlfield>
  <controlfield tag="003">CaSfIA</controlfield>
  <controlfield tag="005">20210119122637.0</controlfield>
  <controlfield tag="007">cr||||</controlfield>
  <controlfield tag="008">980707s1997    xx            000 0 ger d</controlfield>
  <datafield tag="040" ind1=" " ind2=" ">
    <subfield code="a">DEBSZ</subfield>
    <subfield code="e">rakwb</subfield>
    <subfield code="b">ger</subfield>
    <subfield code="c">DEBSZ</subfield>
    <subfield code="d">CaSfIA</subfield>
  </datafield>
  <datafield tag="035" ind1=" " ind2=" ">
    <subfield code="a">(OCoLC)312856045</subfield>
  </datafield>
  <datafield tag="245" ind1="1" ind2="0">
    <subfield code="a">Wie funktioniert ein Klavier? /</subfield>
    <subfield code="h">[electronic resource] </subfield>
    <subfield code="c">[Red. Helga Kronthaler].</subfield>
  </datafield>
  <datafield tag="250" ind1=" " ind2=" ">
    <subfield code="a">Nachdr.</subfield>
  </datafield>
  <datafield tag="260" ind1=" " ind2=" ">
    <subfield code="a">Fildestadt :</subfield>
    <subfield code="b">Horizont Verl.,</subfield>
    <subfield code="c">1997.</subfield>
  </datafield>
  <datafield tag="300" ind1=" " ind2=" ">
    <subfield code="a">[14] Bl. :</subfield>
    <subfield code="b">zahlr. Il.</subfield>
  </datafield>
  <datafield tag="490" ind1="0" ind2=" ">
    <subfield code="a">Mickey fragt warum</subfield>
  </datafield>
  <datafield tag="700" ind1="1" ind2=" ">
    <subfield code="a">Kronthaler, Helga.</subfield>
    <subfield code="4">adp</subfield>
  </datafield>
  <datafield tag="856" ind1="4" ind2="1">
    <subfield code="u">http://www.archive.org/details/wiefunktionierte00kron</subfield>
    <subfield code="z">Free eBook from the Internet Archive</subfield>
  </datafield>
  <datafield tag="856" ind1="4" ind2="2">
    <subfield code="u">http://www.openlibrary.org/books/OL24606688M</subfield>
    <subfield code="z">Additional information and access via Open Library</subfield>
  </datafield>
  <datafield tag="942" ind1=" " ind2=" ">
    <subfield code="c">EB</subfield>
  </datafield>
  <datafield tag="506" ind1=" " ind2=" ">
    <subfield code="f">&#x41D;&#x435;&#x43E;&#x431;&#x445;&#x456;&#x434;&#x43D;&#x430; &#x430;&#x432;&#x442;&#x43E;&#x440;&#x438;&#x437;&#x430;&#x446;&#x456;&#x44F; &#x43D;&#x430; https://archive.org/ (&#x441;&#x442;&#x432;&#x43E;&#x440;&#x435;&#x43D;&#x43D;&#x44F; &#x43E;&#x431;&#x43B;&#x456;&#x43A;&#x43E;&#x432;&#x43E;&#x433;&#x43E; &#x437;&#x430;&#x43F;&#x438;&#x441;&#x443; &#x431;&#x435;&#x437;&#x43A;&#x43E;&#x448;&#x442;&#x43E;&#x432;&#x43D;&#x43E;)</subfield>
  </datafield>
  <datafield tag="506" ind1=" " ind2=" ">
    <subfield code="f">&#x41D;&#x435;&#x43E;&#x431;&#x445;&#x456;&#x434;&#x43D;&#x430; &#x430;&#x432;&#x442;&#x43E;&#x440;&#x438;&#x437;&#x430;&#x446;&#x456;&#x44F; &#x43D;&#x430; https://openlibrary.org/ (&#x441;&#x442;&#x432;&#x43E;&#x440;&#x435;&#x43D;&#x43D;&#x44F; &#x43E;&#x431;&#x43B;&#x456;&#x43A;&#x43E;&#x432;&#x43E;&#x433;&#x43E; &#x437;&#x430;&#x43F;&#x438;&#x441;&#x443; &#x431;&#x435;&#x437;&#x43A;&#x43E;&#x448;&#x442;&#x43E;&#x432;&#x43D;&#x43E;)</subfield>
  </datafield>
  <datafield tag="999" ind1=" " ind2=" ">
    <subfield code="c">565976</subfield>
    <subfield code="d">565976</subfield>
  </datafield>
</record>
